§ 65 (Provision)
Saved in:
| Main Author: | |
|---|---|
| Format: | Chapter/Article Comment |
| Language: | German |
| Published: |
2005
|
| In: |
Münchener Kommentar zum Handelsgesetzbuch ; 1: Erstes Buch, Handelsstand, §§ 1 - 104
Year: 2005, Pages: 1-27 |
| Online Access: | Verlag, lizenzpflichtig, Volltext: https://beck-online.beck.de/?vpath=bibdata%2Fkomm%2FMuekoHGB_2_Band1%2FHGB%2Fcont%2FMuekoHGB%2EHGB%2EP65%2ET0%2Ehtm |
| Author Notes: | von Hoyningen-Huene |
MARC
| LEADER | 00000caa a2200000 c 4500 | ||
|---|---|---|---|
| 001 | 1761281925 | ||
| 003 | DE-627 | ||
| 005 | 20220820003350.0 | ||
| 007 | cr uuu---uuuuu | ||
| 008 | 210625s2005 xx |||||o 00| ||ger c | ||
| 035 | |a (DE-627)1761281925 | ||
| 035 | |a (DE-599)KXP1761281925 | ||
| 035 | |a (OCoLC)1341417410 | ||
| 040 | |a DE-627 |b ger |c DE-627 |e rda | ||
| 041 | |a ger | ||
| 084 | |a 19 |2 sdnb | ||
| 100 | 1 | |a Hoyningen-Huene, Gerrick von |d 1944- |e VerfasserIn |0 (DE-588)120590603 |0 (DE-627)080765424 |0 (DE-576)161499856 |4 aut | |
| 245 | 1 | 0 | |a § 65 (Provision) |c von Hoyningen-Huene |
| 246 | 3 | 3 | |a Paragraph 65 (Provision) |
| 264 | 1 | |c 2005 | |
| 300 | |a 27 | ||
| 336 | |a Text |b txt |2 rdacontent | ||
| 337 | |a Computermedien |b c |2 rdamedia | ||
| 338 | |a Online-Ressource |b cr |2 rdacarrier | ||
| 500 | |a Gesehen am 25.06.2021 | ||
| 500 | |a Der Titel ist in der Vorlage eckig geklammert | ||
| 773 | 0 | 8 | |i Enthalten in |t Münchener Kommentar zum Handelsgesetzbuch ; 1: Erstes Buch, Handelsstand, §§ 1 - 104 |b 2. Aufl. |d München : Beck, 2005 |g 2005, Randnummer 1-27, 27 Randnummern |h Online-Ressource |w (DE-627)1389363120 |w (DE-576)319363120 |7 nnam |a § 65 (Provision) |
| 773 | 1 | 8 | |g year:2005 |g pages:1-27 |g extent:27 |a § 65 (Provision) |
| 856 | 4 | 0 | |u https://beck-online.beck.de/?vpath=bibdata%2Fkomm%2FMuekoHGB_2_Band1%2FHGB%2Fcont%2FMuekoHGB%2EHGB%2EP65%2ET0%2Ehtm |x Verlag |x Resolving-System |z lizenzpflichtig |3 Volltext |
| 951 | |a AR | ||
| 992 | |a 20210625 | ||
| 993 | |a Comment | ||
| 994 | |a 2005 | ||
| 998 | |g 120590603 |a Hoyningen-Huene, Gerrick von |m 120590603:Hoyningen-Huene, Gerrick von |d 20000 |d 21000 |e 20000PH120590603 |e 21000PH120590603 |k 0/20000/ |k 1/20000/21000/ |p 1 |x j |y j | ||
| 999 | |a KXP-PPN1761281925 |e 3941333070 | ||
| BIB | |a Y | ||
| JSO | |a {"title":[{"title":"§ 65 (Provision)","title_sort":"§ 65 (Provision)"}],"origin":[{"dateIssuedDisp":"2005","dateIssuedKey":"2005"}],"name":{"displayForm":["von Hoyningen-Huene"]},"recId":"1761281925","person":[{"family":"Hoyningen-Huene","display":"Hoyningen-Huene, Gerrick von","given":"Gerrick von","role":"aut"}],"physDesc":[{"extent":"27 S."}],"note":["Gesehen am 25.06.2021","Der Titel ist in der Vorlage eckig geklammert"],"type":{"media":"Online-Ressource","bibl":"chapter"},"titleAlt":[{"title":"Paragraph 65 (Provision)"}],"language":["ger"],"id":{"eki":["1761281925"]},"relHost":[{"relMultPart":[{"note":["Band 1-7 ab 5. Auflage herausgegeben von Dr. Ingo Drescher (Vorsitzender Richter am Bundesgerichtshof, Karlsruhe, Honorarprofessor an der Universität Tübingen), Dr. Dr. h.c. Holger Fleischer LL.M. (Univ. of Michigan), Dipl.-Kfm. (Direktor des Max-Planck-Instituts für Ausländisches und Internationales Privatrecht, Hamburg, Affiliate Professor der Bucerius Law School, Hamburg), Dr. Dr. h.c. mult. Karsten Schmidt (o. Professor em. an der Universität Bonn, Professor der Bucerius Law School, Hamburg)"],"physDesc":[{"extent":"Online-Ressource"}],"language":["ger"],"id":{"isbn":["3406526276","9783406599934","9783406677007","9783406758409"],"eki":["1355746817"]},"name":{"displayForm":["hrsg. von Karsten Schmidt"]},"recId":"1355746817","origin":[{"dateIssuedDisp":"2005-","publisherPlace":"München ; München","publisher":"Beck ; Vahlen","dateIssuedKey":"2005"}],"title":[{"title":"Münchener Kommentar zum Handelsgesetzbuch","title_sort":"Münchener Kommentar zum Handelsgesetzbuch"}],"person":[{"family":"Schmidt","role":"edt","display":"Schmidt, Karsten","given":"Karsten"},{"family":"Drescher","given":"Ingo","display":"Drescher, Ingo","role":"edt"},{"role":"edt","display":"Fleischer, Holger","given":"Holger","family":"Fleischer"}],"type":{"media":"Online-Ressource","bibl":"edited-book"},"part":{"number":["1"],"number_sort":["1,2"]},"ga":1,"titleAlt":[{"title":"Münchener Kommentar HGB"},{"title":"MünchKommHGB"},{"title":"MüKoHGB"}]}],"person":[{"family":"Schmidt","role":"adp","display":"Schmidt, Karsten","given":"Karsten"}],"recId":"1389363120","origin":[{"dateIssuedKey":"2005","edition":"2. Aufl.","dateIssuedDisp":"2005","publisher":"Beck ; Vahlen","publisherPlace":"München ; München","editionNo":"2"}],"title":[{"title":"Erstes Buch, Handelsstand, §§ 1 - 104 / Red.: Karsten Schmidt"}],"disp":"§ 65 (Provision)Münchener Kommentar zum Handelsgesetzbuch ; 1: Erstes Buch, Handelsstand, §§ 1 - 104","part":{"text":"2005, Randnummer 1-27, 27 Randnummern","pages":"1-27","extent":"27","year":"2005"},"type":{"bibl":"book","media":"Online-Ressource"},"physDesc":[{"extent":"Online-Ressource"}],"id":{"eki":["1389363120"]},"language":["ger"]}]} | ||
| SRT | |a HOYNINGENH65PROVISIO2005 | ||